000 00399nam a2200181Ia 4500
005 20250603145727.0
008 250603s9999 xx 000 0 und d
020 _a9780435913526
050 _aPQ 3989.2 .B23 .S51/
100 _aBâ, Mariama
245 0 _aSo long a letter
260 _aHarlow
260 _bHeinemann
260 _c2008
300 _a96 p
650 _aHarlow
942 _cBK
999 _c42678
_d42678